000
00218nam a22000857a 4500
008
161201b xxu||||| |||| 00| 0 eng d
100
_9
1673
_a
Singh,A.V
245
_a
abc of General knowledge
260
_a
New Delhi
_b
Holy Faith
999
_c
4383
_d
4383